1557 1070 1065 1147 1507 1538 1047 1350 1876 1939 1914 1521 1341 1905 1947 1407 1394 1214 1513 1329 2000 1220 1415 1430 1604 1327 1944 1907 1223 1154 1583 1673 1038 1437 1250 1572 1634 1298 1362 1340 1096 1483 1516 1324 1202 1910 1039 1763 1471 1629 1967 1972 1993 1651 1998 1319 1659 1132 1193 1915 1935 1180 1407 1051 1143 1599 1880 1711 1841 1225 1352 1931 1348 1185 1519 1937 1925 1428 1059 1209 1158 1312 1379 1911 1384 1056 1681 1747 1049 1571 1032 1023 1624 1287 1931 1886 1304 1127 1219 BCNSPRNW ULIB Ver.6.0+V

เปลี่ยนเป็นภาษาไทย

Change to English
 แสดงรายละเอียดบรรณานุกรม
  กลับหน้าหลัก

Brief Record : Get Marc (ISO 2709) : E-mail record : QR code < ปิดหน้าต่าง
LEADER : 00000nam 2200000uu 4500
001    13399126917
003     ULIB
008    190904s2561||||th 000 0 tha d
020 ^- ^a9786164555433
060 ^- ^aWA308^bส726ว
100 0^ aสุธรรม นันทมงคลชัย.
245 วิ ^aวิจัยอนามัยครอบครัว /สุธรรม นันทมงคลชัย.
250 ^- ^aพิมพ์ครั้งที่ 1.
260 ^- ^aกรุงเทพฯ :^bหจก. ประยูรสาส์นไทย การพิมพ์,^c2561
300 ^- ^aก-ญ, 246 หน้า :^bภาพประกอบ.
650 ^4 ^aอนามัยครอบครัว,^xวิจัย.
945    ^p200^l0^i27596
945    ^p200^l0^i27595
945    ^p200^l0^i27594
945    ^p200^l0^i27593
945    ^p200^l0^i27592
999    ^aกัณชพร จุลอักษร
รายการนี้ยังไม่มีแท็ก
คุณยังไม่ได้ล็อกอิน คุณสามารถมีกิจกรรมร่วมกับเว็บไซต์ได้ แต่ต้องล็อกอินก่อน ::
  ล็อกอิน

รายการสื่อสารสนเทศ

ลำดับที่ ประเภท เลขเรียก/บาร์โค้ด สถานที่ สถานะ
1. หนังสือสำรอง
หนังสือสำรอง
WA308 ส726ว ฉ.1 
  Barcode: 27592
ห้องสมุดวิทยาเขตนครสวรรค์
►หนังสือทั่วไป:l:General Books
บนชั้น
2. วิทยาศาสตร์การแพทย์ และสุขภาพ
วิทยาศาสตร์การแพทย์ และสุขภาพ
WA308 ส726ว ฉ.2 
  Barcode: 27593
ห้องสมุดวิทยาเขตนครสวรรค์
►หนังสือทั่วไป:l:General Books
บนชั้น
3. วิทยาศาสตร์การแพทย์ และสุขภาพ
วิทยาศาสตร์การแพทย์ และสุขภาพ
WA308 ส726ว ฉ.3 
  Barcode: 27594
ห้องสมุดวิทยาเขตนครสวรรค์
►หนังสือทั่วไป:l:General Books
บนชั้น
4. วิทยาศาสตร์การแพทย์ และสุขภาพ
วิทยาศาสตร์การแพทย์ และสุขภาพ
WA308 ส726ว ฉ.4 
  Barcode: 27595
ห้องสมุดวิทยาเขตนครสวรรค์
►หนังสือทั่วไป:l:General Books
บนชั้น
5. วิทยาศาสตร์การแพทย์ และสุขภาพ
วิทยาศาสตร์การแพทย์ และสุขภาพ
WA308 ส726ว ฉ.5 
  Barcode: 27596
ห้องสมุดวิทยาเขตนครสวรรค์
►หนังสือทั่วไป:l:General Books
บนชั้น

รายการใกล้เคียง
    ชื่อเรื่อง [วิจัยอนามัยครอบครัว /สุธรรม นันทมงคลชัย.]

BibComment


ยังไม่เคยถูกคอมเมนท์

คอมเมนท์ทรัพยากรรายการนี้
  คอมเมนท์: วิจัยอนามัยครอบค..


 Copyright 2026. Bcnsprnw @Library